• 首页
  • 本馆介绍
  • 公告通知
  • 最新文献
  • 馆藏检索
  • 电子资源
  • 读者导购
  • 参考咨询
  • 我的图书馆
  • 登录
  • 详细信息显示
  • 放入我的书架
  • 预约/预借图书
  • 作者相关作品
  • 分类相关作品
  • 丛书相关作品
  • 出版社相关作品

书目信息

  • 表格格式
  • 工作单格式
  • 卡片格式
题名:
教师评价
    
 
作者: 芦咏柳 , 申继亮 著
分册:  
出版信息: 北京   北京师范大学出版社  2012.07
页数: 182页
开本: 23cm
丛书名:
单 册:
中图分类: G451.1
科图分类:
主题词: 教师评价
电子资源:
ISBN: 978-7-303-14746-5
000 00772nam0 2200241 450
001 0100500015362
005 20130627092910.21
010    @a978-7-303-14746-5@dCNY25.00
100    @a20120828d2012 em y0chiy50 ea
101 0  @achi
102    @aCN@b110000
105    @aa z 000yy
106    @ar
200 1  @a教师评价@9jiao shi ping jia@f芦咏柳,申继亮著
210    @a北京@c北京师范大学出版社@d2012.07
215    @a182页@c图@d23cm
330    @a本书主要内容包括:教师评价概述;教师评价模型;教师评价工具(一):教师外在职业行为评价;教师评价工具(二):教师内在素质评价等。
606 0  @a教师评价
690    @aG451.1@v5
701  0 @a芦咏柳@9lu yong liu@4著
701  0 @a申继亮@9shen ji liang@4著
801  0 @aCN@bRENTIAN@c20120828
905    @b546322-27@dG451.1@e125@f6
    
    教师评价/芦咏柳,申继亮著.-北京:北京师范大学出版社,2012.07
    182页:图;23cm
    
    
    ISBN 978-7-303-14746-5:CNY25.00
    本书主要内容包括:教师评价概述;教师评价模型;教师评价工具(一):教师外在职业行为评价;教师评价工具(二):教师内在素质评价等。
●
相关链接 在E读中查询图书 在五车中查询图书 在当当中查询图书 在豆瓣中查询图书


正题名:教师评价     索取号:G451.1/125         预约/预借

序号 登录号 条形码 馆藏地/架位号 状态 备注
1 546322   205463229   第一样本阅览室/ [索取号:G451.1/125] 在馆    
2 546323   205463238   第四借阅区/ [索取号:G451.1/125] 在馆    
3 546324   205463247   教育系资料室/ [索取号:G451.1/125] 在馆    
4 546325   205463256   教育系资料室/ [索取号:G451.1/125] 在馆    
5 546326   205463265   教育系资料室/ [索取号:G451.1/125] 在馆    
6 546327   205463274   教育系资料室/ [索取号:G451.1/125] 在馆    
唐山师范学院图书馆 欢迎您!
大连网信软件有限公司© 版权所有